Osama bin Laden : king of terror or saviour of Islam?

Bibliographic Details
Main Author: Vas, Luis S.R
Format: Book
Language:English
Published: Delhi : Pustak Mahal , 2001
Subjects:

MARC

LEADER 00000cam a2200000 7i4500
001 0000020010
005 20090518.0
008 090514s io a eng
020 |a 8122307412 ,   |c RM36.00 
040 |a INS 
090 0 0 |a HV6431   |b V37 2001 
100 1 |a Vas, Luis S.R 
245 1 0 |a Osama bin Laden :   |b king of terror or saviour of Islam?   |c Luis S.R Vas 
260 |a Delhi :   |b Pustak Mahal ,   |c 2001 
300 |a 168p. :   |b il.col ;   |c 22cm. 
600 0 0 |a Bin Laden, Osama ,   |c 1957- 
650 0 |a Islamic fundamentalism 
650 0 |a Terrorism 
650 0 |a Terrorism   |x Social networks 
999 |a 0000020884   |b BOOK   |c Open Shelf   |e Default branch